Охрана труда электронное учебно-методическое пособие
В учебно-методическом пособии представлены практические занятия для изучения дисциплины «Охрана труда». Предназначено для студентов направления подготовки 280700.62 (20.03.01) «Техносферная безопасность», а также для студентов других направлений подготовки и специальностей. Нормативные документы при...
Сохранить в:
| Главный автор: | |
|---|---|
| Другие авторы: | |
| Формат: | Книга |
| Язык: | Russian |
| Опубликовано: |
Тольятти
ТГУ
2017
|
| Online-ссылка: | https://e.lanbook.com/book/139941 https://e.lanbook.com/img/cover/book/139941.jpg |
| Метки: |
Добавить метку
Нет меток, Требуется 1-ая метка записи!
|
| LEADER | 01627nam0a2200277 i 4500 | ||
|---|---|---|---|
| 001 | 139941 | ||
| 003 | RuSpLAN | ||
| 005 | 20221220174048.0 | ||
| 008 | 221220s2017 ru gs 000 0 rus | ||
| 020 | |a 978-5-8259-1129-8 | ||
| 040 | |a RuSpLAN | ||
| 041 | 0 | |a rus | |
| 044 | |a ru | ||
| 080 | |a 378:331.451(075.8) | ||
| 084 | |a 65.247я73 |2 rubbk | ||
| 245 | 0 | 0 | |a Охрана труда |b электронное учебно-методическое пособие |c Угарова Л. А.,Горина Л. Н. |
| 260 | |a Тольятти |b ТГУ |c 2017 | ||
| 300 | |a 241 с. | ||
| 504 | |a Библиогр.: доступна в карточке книги, на сайте ЭБС Лань | ||
| 520 | 8 | |a В учебно-методическом пособии представлены практические занятия для изучения дисциплины «Охрана труда». Предназначено для студентов направления подготовки 280700.62 (20.03.01) «Техносферная безопасность», а также для студентов других направлений подготовки и специальностей. Нормативные документы приведены на 01.09.2015 года. | |
| 521 | 8 | |a Книга из коллекции ТГУ - Инженерно-технические науки | |
| 100 | 1 | |a Угарова Л. А. | |
| 700 | 1 | |a Горина Л. Н. | |
| 856 | 4 | |u https://e.lanbook.com/book/139941 | |
| 856 | 4 | 8 | |u https://e.lanbook.com/img/cover/book/139941.jpg |
| 953 | |a https://e.lanbook.com/img/cover/book/139941.jpg | ||